MyGZULibrary

Western European government and politics / (Record no. 2777)

MARC details
000 -LEADER
fixed length control field 01017cam a2200289 a 4500
001 - CONTROL NUMBER
control field 4945176
003 - CONTROL NUMBER IDENTIFIER
control field GZU
005 - DATE AND TIME OF LATEST TRANSACTION
control field 20201106084052.0
008 - FIXED-LENGTH DATA ELEMENTS--GENERAL INFORMATION
fixed length control field 960723s1997 nyuab b 001 0 eng
010 ## - LIBRARY OF CONGRESS CONTROL NUMBER
LC control number 96033112
020 ## - INTERNATIONAL STANDARD BOOK NUMBER
International Standard Book Number 0673982572
040 ## - CATALOGING SOURCE
Original cataloging agency DLC
Transcribing agency DLC
Modifying agency DLC
043 ## - GEOGRAPHIC AREA CODE
Geographic area code ew-----
050 00 - LIBRARY OF CONGRESS CALL NUMBER
Classification number JN94
Item number W57 1996
082 00 - DEWEY DECIMAL CLASSIFICATION NUMBER
Classification number 320.3/094
Edition number 20
245 00 - TITLE STATEMENT
Title Western European government and politics /
Statement of responsibility, etc. Michael Curtis, general editor ; Giuseppe Ammendola ... [et al.].
260 ## - PUBLICATION, DISTRIBUTION, ETC.
Place of publication, distribution, etc. New York :
Name of publisher, distributor, etc. Longman,
Date of publication, distribution, etc. c1997.
300 ## - PHYSICAL DESCRIPTION
Extent xxi, 442 p. :
Other physical details ill., maps ;
Dimensions 24 cm.
504 ## - BIBLIOGRAPHY, ETC. NOTE
Bibliography, etc. note Includes bibliographical references and index.
650 #0 - SUBJECT ADDED ENTRY--TOPICAL TERM
Topical term or geographic name entry element Comparative government.
651 #0 - SUBJECT ADDED ENTRY--GEOGRAPHIC NAME
Geographic name Europe, Western
General subdivision Politics and government.
700 1# - ADDED ENTRY--PERSONAL NAME
Personal name Curtis, Michael,
Dates associated with a name 1923-
700 1# - ADDED ENTRY--PERSONAL NAME
Personal name Ammendola, Giuseppe,
Dates associated with a name 1957-
906 ## - LOCAL DATA ELEMENT F, LDF (RLIN)
a 7
b cbc
c orignew
d 1
e ocip
f 19
g y-gencatlg
942 ## - ADDED ENTRY ELEMENTS (KOHA)
Source of classification or shelving scheme Library of Congress Classification
Koha item type Books
Classification part 94
Item part WES
Call number prefix JN
Call number suffix 1996
Holdings
Withdrawn status Lost status Damaged status Not for loan Collection code Home library Current library Shelving location Date acquired Total Checkouts Full call number Barcode Date last seen Copy number Price effective from Koha item type
        Non-fiction City Campus Library City Campus Library General Stacks 11/06/2020   JN94 WES 1996 B017964 11/06/2020 c.1 11/06/2020 Books